Dirección y Gestión de Proyectos Un enfoque práctico / Alberto Domingo Ajenjo (Registro nro. 25813)
[ vista simple ]
| 000 -LÍDER | |
|---|---|
| fixed length control field | 00504nam a2200157 4500 |
| 020 ## - NÚMERO INTERNACIONAL NORMALIZADO PARA LIBROS | |
| ISBN | 970-15-1130-1 |
| 050 ## - SIGNATURA TOPOGRAFICA DE LA BIBLIOTECA DEL CONGRESO (LC) | |
| Número de Clasificación | HD69 P75 D65 2005 |
| 082 ## - NUMERO DE CLASIFICACION DECIMAL DEWEY | |
| Número de Clasificación | 658.404 D628d 2005 |
| 100 ## - ASIENTO PRINCIPAL--NOMBRE PERSONAL | |
| Nombre personal | Domingo Ajenjo, Alberto |
| 245 ## - TÍTULO | |
| Título | Dirección y Gestión de Proyectos Un enfoque práctico / Alberto Domingo Ajenjo |
| 250 ## - MENCIÓN DE EDICIÓN | |
| Mención de edición | 2 / 4 reimp. |
| 260 ## - PUBLICACIÓN, DISTRIBUCIÓN, ETC. (PIE DE IMPRENTA) | |
| Lugar de publicación, distribución, etc. | México : Alfaomega |
| 300 ## - DESCRIPCIÓN FÍSICA | |
| Extensión | xx, 331 p. / 23 cm. |
| 500 ## - NOTA GENERAL | |
| Nota general | Incluye cd-rom. |
| 650 ## - ASIENTO SECUNDARIO DE MATERIA - TERMINO TEMÁTICO | |
| Término temático o nombre geográfico como elemento de entrada | 1. ADMINISTRACIÓN DE PROYECTOS / 2. ADMINISTRACIÓN INDUSTRIAL |
| No. biblioteca | No. biblioteca | Número de clasificación | Código de barras/Número de adquisición | Número de copia | Tipo de material |
|---|---|---|---|---|---|
| LUIS G. INCLAN | LUIS G. INCLAN | 658.404 D628d 2005 | 49612 | 1 | Libros |
| LUIS G. INCLAN | LUIS G. INCLAN | 658.404 D628d 2005 | 49613 | 2 | Libros |
